Estadísticas para Mapa de África

Haz click aquí para tomar la prueba!

Estadísticas generales

  • Esta prueba ha sido tomada 13.269 veces
  • La puntuación promedio es 35 de 54

Respuestas en el mapa

Las respuestas están codificadas por una escala verde-roja en el mapa de la prueba según el % correcto abajo.
Cargando...
 

Estadísticas de respuestas

Answer% Correcto
Marruecos
94%
Egipto
93%
Argelia
90%
Túnez
87%
Sudáfrica
86%
Madagascar
85%
Libia
85%
Somalia
80%
Sudán
80%
República Centroafricana
75%
Chad
75%
Sudán del Sur
75%
Etiopía
75%
Eritrea
75%
Suazilandia
72%
República Democrática del Congo
71%
Mozambique
69%
Níger
69%
Angola
68%
Kenia
68%
Cabo Verde
67%
Lesoto
67%
Yibuti
67%
Tanzania
67%
Mauritania
65%
Nigeria
65%
Namibia
64%
Malí
62%
Ruanda
62%
Guinea Ecuatorial
61%
Camerún
61%
Santo Tomé y Príncipe
60%
Uganda
60%
Botsuana
60%
Togo
59%
Senegal
58%
Mauricio
58%
Malaui
58%
Burundi
57%
Burkina Faso
57%
Seychelles
56%
Zimbabue
55%
República del Congo
55%
Costa de Marfil
54%
Zambia
54%
Comoras
51%
Sierra Leona
51%
Ghana
50%
Gabón
50%
Gambia
49%
Guinea-Bissau
48%
Benín
47%
Liberia
46%
Guinea
45%

Distribución de puntuación

Porcentaje por número respondido

Porcentaje de gente con cada puntuación

Historial de tus puntuaciones

No has tomado esta prueba